00883nam a2200229 a 4500008004100000020001500041020001500056050001800071100001800089245005900107260005000166300001700216350000900233490004900242500004000291650001100331700001400342856005500356995009200411999001700503952013300520060316s2000 ||||||||||||||||| || u a0521632218 a0521635462 aB 430. A5 Ari aCrisp, Rodger10aAristotle: Nicomachean ethics cedited by Rodger Crisp aCambridge :bCambridge University Pressc2000 axlii, 213 p. a0.00 aCambridge texts in the history of philosophy aIncludes bibliographical references 0aETHICS aAristotle uhttp://www.loc.gov/catdir/toc/cam024/99036947.html D0.00FCBU-MAIN LIBRARY (Kitwe)H1I0.00UAVAILABLEZMain Library Open Access Collection c34832d34832 00102lcc4070a001b001cMain Library Open Access Collectiond2022-11-30l0oB 430. A5 Arip45326r2022-11-30w2022-11-30y002